| 000 | 00842nam a2200217 a 4500 | ||
|---|---|---|---|
| 005 | 20160128083525.0 | ||
| 008 | 140312b1996 ck ||||| |||| 00| 0 spa d | ||
| 040 |
_aCO-BoIAVH _cCO-BoIAVH |
||
| 041 | _aspa | ||
| 044 | _ack | ||
| 082 | 0 | 4 |
_a333.715 _bR31n |
| 090 |
_aLB _b03506 |
||
| 111 | 2 |
_aEncuentro Regional Ambiental _cSan Mateo, Boyacá _dagosto 30, 31 y septiembre 1, 1996 _nII |
|
| 245 | 1 | 4 | _aLos recursos naturales base para el desarrollo del campo |
| 260 |
_aSan Mateo : _bPontificia Universidad Javeriana, IDEADE, _c1996. |
||
| 300 |
_a66 páginas ; _c28 x 22 cm. |
||
| 650 | 6 |
_aCampesinado _xRecursos naturales _vCongresos, conferencias, etc. |
|
| 650 | 6 |
_aRecursos naturales _xManejo _vCongresos, conferencias, etc. |
|
| 650 | 6 |
_aForrajes _xCampesinos _vCongresos, conferencias, etc. |
|
| 942 |
_cLIBRO _2ddc |
||
| 999 |
_c3769 _d3769 |
||